000 00738nam a22002057a 4500
005 20251108164919.0
008 250721s2009 xx 000 0 ara d
082 1 4 _a216.52/طوي
100 1 _aالطويل، خالد محمد شحادة
_eمؤلف
245 1 0 _aحقوق المرأة المطلقة و المتوفى عنها زوجها في القانون الأردني و الشرعة الإسلامية /
264 1 _aعمان :
_bدار الياقوت للنشر و التوزيع،
_c2009.
300 _a101 ص.
650 1 7 _aالطلاق
650 1 7 _aقانون الاسره
650 1 7 _aالشريعه الاسلاميه
650 1 7 _aالقانون
650 1 7 _aالاردن
942 _2ddc
_cBK
999 _c17308
_d17308